| 000 | 00853nam a22002657a 4500 | ||
|---|---|---|---|
| 008 | 130821s1997 sp gr spa | ||
| 020 |
_a8441305838 _cv.1 |
||
| 020 |
_a8441305846 _cv.2 |
||
| 040 |
_aCo-BoUCM _bspa |
||
| 041 | 0 | 0 | _aspa |
| 100 | 1 | _aSeldon, Arthur | |
| 245 | 1 | 4 |
_aCapitalismo _cArthur Seldon ; traducción de Sonia Villanueva de Azcona |
| 260 |
_aBarcelona (España) _bFolio _c1997 |
||
| 300 | _a2 v. , 476 páginas | ||
| 490 | 0 | _aBiblioteca de economía | |
| 500 | _aDonación Dr. Guillermo Galán. | ||
| 504 | _aIncluye índice general. | ||
| 650 | 0 | 4 |
_aCapitalismo _910463 |
| 650 | 0 | 4 |
_aFilosofía política _915841 |
| 650 | 0 | 4 |
_aSistemas económicos _924652 |
| 700 | 1 |
_aVillanueva de Azcona, Sonia _etrad. |
|
| 765 | _tCapitalism | ||
| 942 |
_cLIBRO _a7 _e1 _mS35 _2DEWEY _h330.122 |
||
| 999 |
_c67850 _d67850 |
||